Southville International School and Colleges
Your cart is empty.
  • Cart
  • Lists
    Public lists Eva Luna New books Lux_list list_1
    Your lists Log in to create your own lists
  • Log in to your account
  • Your cookies
  • Search history
Southville International School and Colleges
  • Advanced search
  • Recent comments
  • Most popular
  • Libraries

Log in to your account

Log in with GOOGLE


If you do not have an external account, but do have a local account, you can still log in:

  1. Home
  2. MARC view: Emma
Normal view MARC view ISBD view

Emma (Record no. 365940)

[ view plain ]
MARC details
000 -LEADER
fixed length control field 00551nam a22001937a 4500
003 - CONTROL NUMBER IDENTIFIER
control field 0
005 - DATE AND TIME OF LATEST TRANSACTION
control field 20240417095435.0
008 - FIXED-LENGTH DATA ELEMENTS--GENERAL INFORMATION
fixed length control field 240417b xxu||||| |||| 00| 0 eng d
010 ## - LIBRARY OF CONGRESS CONTROL NUMBER
LC control number 978-1-912464-08-1
050 ## - LIBRARY OF CONGRESS CALL NUMBER
Classification number CL
Item number Aus933 2018
082 ## - DEWEY DECIMAL CLASSIFICATION NUMBER
Classification number CL
Item number Aus933 2018
100 ## - MAIN ENTRY--PERSONAL NAME
Personal name Austen, Jane
245 ## - TITLE STATEMENT
Title Emma
Statement of responsibility, etc Jane Austen ; Retold by Gill Tavner
260 ## - PUBLICATION, DISTRIBUTION, ETC. (IMPRINT)
Place of publication, distribution, etc Berkshire, UK
Name of publisher, distributor, etc Baker Street Press
Date of publication, distribution, etc c2018.
300 ## - PHYSICAL DESCRIPTION
Extent 63 pages :
Other physical details colored illustrations ;
Dimensions 20cm.
650 ## - SUBJECT ADDED ENTRY--TOPICAL TERM
Topical term or geographic name as entry element Emma--Jane Austen.
650 ## - SUBJECT ADDED ENTRY--TOPICAL TERM
Topical term or geographic name as entry element English Ficiton.
942 ## - ADDED ENTRY ELEMENTS (KOHA)
Source of classification or shelving scheme Dewey Decimal Classification
Koha item type Books
Holdings
Withdrawn status Lost status Source of classification or shelving scheme Damaged status Home library Current library Shelving location Date acquired Source of acquisition Sub Shelving location Total Checkouts Full call number Barcode Date last seen Price effective from Koha item type
    Dewey Decimal Classification   Munich Library Munich Library Classic Section 04/17/2024 Library Fund     CL Aus933 2018 M8663 04/17/2024 04/17/2024 Books

Emma

APA

Austen J., . (2018). Emma. Berkshire, UK: Baker Street Press.

Chicago

Austen Jane, . 2018. Emma. Berkshire, UK: Baker Street Press.

Harvard

Austen J., . (2018). Emma. Berkshire, UK: Baker Street Press.

MLA

Austen Jane, . Emma. Berkshire, UK: Baker Street Press. 2018.

  • Place hold
  • Print
  • Cite
  • Add to your cart (remove)
  • Save record
    BIBTEX Dublin Core MARCXML MARC (non-Unicode/MARC-8) MARC (Unicode/UTF-8) MARC (Unicode/UTF-8, Standard) MODS (XML) RIS
  • More searches
    Search for this title in:
    Other Libraries (WorldCat) Other Databases (Google Scholar) Online Stores (Bookfinder.com) Open Library (openlibrary.org)

Exporting to Dublin Core...

SOUTHVILLE LIBRARY

Southville International School and Colleges Library

1281 Tropical Ave. Cor. Luxembourg St., BF Homes International, Las Pinas City

Tel. No. 8256374 / 252358 Loc. 117/146

Powered by Koha